Voluntary approaches for environmental policy effectiveness, efficiency and usage in policy mixes

Salvato in:
Dettagli Bibliografici
Natura: Libro
Lingua:inglese
Pubblicazione: Paris OECD 2003
Soggetti:
Tags: Aggiungi Tag
Nessun Tag, puoi essere il primo ad aggiungerne!!

MARC

LEADER 00000nam$a2200000$$$4500
001 0020832
005 20240315121416.6
020 |a 92-64-10177-2 
041 0 |a eng 
044 |a FR 
245 1 0 |a Voluntary approaches for environmental policy  |b effectiveness, efficiency and usage in policy mixes 
264 1 |a Paris  |b OECD  |c 2003 
300 |a 143 s. 
610 2 0 |a politika environmentálna 
610 2 0 |a účinnosť ekonomická 
610 2 0 |a efektívnosť ekonomická 
610 2 0 |a náklady 
610 2 0 |a dane 
610 2 0 |a poplatky